000 00620nam a2200181 a 4500
001 000028289
005 20250124114731.0
008 110407s2007 dr 000 | spa d
040 _aDO-SdBNP
_bspa
_cBNPHU
082 _axxx
_bD919p
100 1 _aDunker L., José,
_d1943-
_91027
245 1 0 _aPsicología del hombre caído /
_cJosé Dunker L. ; prólogo de Nelson Moreno Ceballos.
260 _aSanto Domingo :
_bEditora Búho,
_c2007.
300 _a133 p. ;
_c21 cm.
500 _aIncluye datos biográficos del autor en la contracubierta.
700 1 _aMoreno Ceballos, Nelson,
_d1946-
_epról.
_933018
049 _aBNPD
999 _c27781
_d27781